Leyes de previsión social (Registro nro. 6480)
[ vista simple ]
| 000 -LEADER | |
|---|---|
| fixed length control field | 01609 a2200217 4500 |
| 001 - CONTROL NUMBER | |
| control field | 58662 |
| 005 - DATE AND TIME OF LATEST TRANSACTION | |
| control field | 20260407155842.0 |
| 008 - FIXED-LENGTH DATA ELEMENTS--GENERAL INFORMATION | |
| fixed length control field | 260407a1979 arg spa d |
| 003 - CONTROL NUMBER IDENTIFIER | |
| control field | AR-UNSa-BCEJYS |
| 040 ## - CATALOGING SOURCE | |
| Original cataloging agency | AR-UNSa-BCEJYS |
| Language of cataloging | spa |
| Transcribing agency | AR-UNSa-BCEJYS |
| 080 ## - UNIVERSAL DECIMAL CLASSIFICATION NUMBER | |
| Universal Decimal Classification number | 369(094.5) |
| Common auxiliary subdivision | Legislación de Previsión Social |
| 041 ## - LANGUAGE CODE | |
| Language code of text/sound track or separate title | spa |
| 100 1# - MAIN ENTRY--PERSONAL NAME | |
| Personal name | Podetti, Humbero A. |
| 245 10 - TITLE STATEMENT | |
| Title | Leyes de previsión social |
| 264 #1 - PRODUCTION, PUBLICATION, DISTRIBUTION, MANUFACTURE, AND COPYRIGHT NOTICE | |
| Place of production, publication, distribution, manufacture | Buenos Aires : |
| Name of producer, publisher, distributor, manufacturer | Ediciones Contabilidad Moderna |
| Date of production, publication, distribution, manufacture, or copyright notice | 1979 |
| 300 ## - PHYSICAL DESCRIPTION | |
| Extent | 2 v. (516 ; 523 p.) |
| Dimensions | 26 cm. |
| 505 ## - FORMATTED CONTENTS NOTE | |
| Formatted contents note | 1. Constitución nacional y normas generales – 2. Régimen para trabajadores en relación de dependencia – 3. Régimen para trabajadores autónomos – 4. Normas reglamentarias generales – 5. Regímenes especiales – 6. Regímenes generales anteriores – 7. Afiliación y aportes – 8. Convenios de corresponsabilidad gremial – 9. Determinación, monto y pago de los beneficios – 10. Pensiones no contributivas – 11. Tramitación de los beneficios – 12. Régimen contencioso – 13. Retiros y pensiones militares y de fuerzas de seguridad – 14. Deudas con las cajas, moratorias. Planes de pago - 15. Servicios sociales, asignaciones familiares y subsidio por sepelio – 16. Fiscalización y sanciones – 17. Organización administrativa – 18. Cartas, declaraciones y convenciones internacionales – 19. Constitución y convenios de la organización internacional del trabajo – 20. Acuerdos internacionales de reciprocidad – 21. Jurisprudencia |
| 590 ## - LOCAL NOTE (RLIN) | |
| Local note | niveau_biblio:m niveau_hierar:0 |
| 700 1# - ADDED ENTRY--PERSONAL NAME | |
| Personal name | Fernández Madrid, Juan Carlos |
| 942 ## - ADDED ENTRY ELEMENTS (KOHA) | |
| Koha item type | |
| Withdrawn status | Lost status | Damaged status | Not for loan | Home library | Current library | Shelving location | Date acquired | Total checkouts | Full call number | Barcode | Date last seen | Price effective from | Koha item type |
|---|---|---|---|---|---|---|---|---|---|---|---|---|---|
| Biblioteca Prof. Eusebio Cleto del Rey | Biblioteca Prof. Eusebio Cleto del Rey | 07/04/2026 | RJ369(094.5) P742 v.1 | L87220 | 07/04/2026 | 07/04/2026 | Libro | ||||||
| Biblioteca Prof. Eusebio Cleto del Rey | Biblioteca Prof. Eusebio Cleto del Rey | 07/04/2026 | RJ369(094.5) P742 v.2 | L87221 | 07/04/2026 | 07/04/2026 | Libro |